<?xml version="1.0" encoding="UTF-8"?>
<record
    xmlns:xsi="http://www.w3.org/2001/XMLSchema-instance"
    xsi:schemaLocation="http://www.loc.gov/MARC21/slim http://www.loc.gov/standards/marcxml/schema/MARC21slim.xsd"
    xmlns="http://www.loc.gov/MARC21/slim">

  <leader>02499    a2200253   4500</leader>
  <datafield tag="952" ind1=" " ind2=" ">
    <subfield code="0">0</subfield>
    <subfield code="1">0</subfield>
    <subfield code="2">lcc</subfield>
    <subfield code="4">0</subfield>
    <subfield code="7">0</subfield>
    <subfield code="8">NFIC</subfield>
    <subfield code="a">MTHL</subfield>
    <subfield code="b">MTHL</subfield>
    <subfield code="c">GEN</subfield>
    <subfield code="d">2022-09-01</subfield>
    <subfield code="e">Book Aid International</subfield>
    <subfield code="l">0</subfield>
    <subfield code="o">RD32.3 FUL 2018</subfield>
    <subfield code="p">032532</subfield>
    <subfield code="r">2022-09-01 00:00:00</subfield>
    <subfield code="t">c. 1</subfield>
    <subfield code="w">2022-09-01</subfield>
    <subfield code="y">BK</subfield>
  </datafield>
  <datafield tag="952" ind1=" " ind2=" ">
    <subfield code="0">0</subfield>
    <subfield code="1">0</subfield>
    <subfield code="2">lcc</subfield>
    <subfield code="4">0</subfield>
    <subfield code="7">0</subfield>
    <subfield code="8">NFIC</subfield>
    <subfield code="a">ML</subfield>
    <subfield code="b">ML</subfield>
    <subfield code="c">GEN</subfield>
    <subfield code="d">2023-11-13</subfield>
    <subfield code="e">Donation: Book Aid International</subfield>
    <subfield code="l">0</subfield>
    <subfield code="o">RD32.3 FUL 2018</subfield>
    <subfield code="p">033010</subfield>
    <subfield code="r">2023-11-13 00:00:00</subfield>
    <subfield code="t">c. 2</subfield>
    <subfield code="w">2023-11-13</subfield>
    <subfield code="y">BK</subfield>
  </datafield>
  <datafield tag="999" ind1=" " ind2=" ">
    <subfield code="c">10699</subfield>
    <subfield code="d">10699</subfield>
  </datafield>
  <datafield tag="020" ind1=" " ind2=" ">
    <subfield code="a">9780323394741</subfield>
  </datafield>
  <datafield tag="050" ind1=" " ind2=" ">
    <subfield code="a">RD32.3</subfield>
    <subfield code="b">FUL 2018</subfield>
  </datafield>
  <datafield tag="100" ind1=" " ind2=" ">
    <subfield code="a">Fuller, Joanna Kotcher</subfield>
    <subfield code="e">author</subfield>
  </datafield>
  <datafield tag="245" ind1=" " ind2=" ">
    <subfield code="a">Workbook for : Surgical technology : </subfield>
    <subfield code="b">principles and practice /</subfield>
    <subfield code="c">Joanna Kotcher Fuller</subfield>
  </datafield>
  <datafield tag="250" ind1=" " ind2=" ">
    <subfield code="a">Seventh edition</subfield>
  </datafield>
  <datafield tag="264" ind1=" " ind2=" ">
    <subfield code="a">St. Louis :  </subfield>
    <subfield code="b">Elsevier,</subfield>
    <subfield code="c">2018</subfield>
  </datafield>
  <datafield tag="300" ind1=" " ind2=" ">
    <subfield code="a">v, 303 pages :</subfield>
    <subfield code="b">illustrations</subfield>
  </datafield>
  <datafield tag="336" ind1=" " ind2=" ">
    <subfield code="2">rdacontent</subfield>
    <subfield code="a">text</subfield>
    <subfield code="b">txt</subfield>
  </datafield>
  <datafield tag="337" ind1=" " ind2=" ">
    <subfield code="2">rdamedia</subfield>
    <subfield code="a">unmediated</subfield>
    <subfield code="b">n</subfield>
  </datafield>
  <datafield tag="338" ind1=" " ind2=" ">
    <subfield code="2">rdacarrier</subfield>
    <subfield code="a">volume</subfield>
    <subfield code="b">nc</subfield>
  </datafield>
  <datafield tag="500" ind1=" " ind2=" ">
    <subfield code="a">Problems and exercises</subfield>
  </datafield>
  <datafield tag="504" ind1=" " ind2=" ">
    <subfield code="a">n/a</subfield>
  </datafield>
  <datafield tag="505" ind1=" " ind2=" ">
    <subfield code="a">PART I: SURGICAL TECHNOLOGY PRINCIPLES 1. The Surgical Technologist 2. Communication and Teamwork 3. Law, Documentation, and Professional Ethics 4. The Health Care Facility 5. The Patient 6. Diagnostic and Assessment Procedures 7. Environmental Hazards 8. Microbes and the Process of Infection 9. The Principles and Practice of Aseptic Technique 10. Decontamination, Sterilization, and Disinfection 11. Surgical Instruments 12. Perioperative Pharmacology 13. Anesthesia and Physiological Monitoring 14. Postanesthesia Recovery 15. Death and Dying 16. Physics and Information Technology 17. Energy Sources in Surgery 18. Moving, Handling, and Positioning the Surgical Patient 19. Surgical Skin Preparation and Draping 20. Case Planning and Intraoperative Procedures 21. Management of the Surgical Wound PART II: SURGICAL TECHNOLOGY PRACTICE 22. Minimally Invasive Endoscopic and Robotic-Assisted Surgery 23. General Surgery 24. Gynecological and Obstetrical Surgery 25. Genitourinary Surgery 26. Ophthalmic Surgery 27. Surgery of the Ear, Nose, Pharynx, and Larynx 28. Oral and Maxillofacial Surgery 29. Plastic and Reconstructive Surgery 30. Orthopedic Surgery 31. Peripheral Vascular Surgery 32. Thoracic and Pulmonary Surgery 33. Cardiac Surgery 34. Pediatric Surgery 35. Neurosurgery 36. Emergency Trauma Surgery 37. Disaster Preparedness and Response</subfield>
  </datafield>
  <datafield tag="520" ind1=" " ind2=" ">
    <subfield code="a">Correlating chapter-for-chapter with the text, this workbook provides the essential practice and review needed to support classroom and clinical success. Easy to understand and simple to use, it includes terminology review, a variety of practice questions, and case studies with critical thinking questions for key surgical technology functions</subfield>
  </datafield>
  <datafield tag="650" ind1=" " ind2=" ">
    <subfield code="a">Problems and exercises  </subfield>
  </datafield>
  <datafield tag="650" ind1=" " ind2=" ">
    <subfield code="a">Surgical technology</subfield>
  </datafield>
  <datafield tag="650" ind1=" " ind2=" ">
    <subfield code="a">Surgical technology  </subfield>
    <subfield code="x">Problems, exercises, etc</subfield>
  </datafield>
  <datafield tag="942" ind1=" " ind2=" ">
    <subfield code="2">lcc</subfield>
    <subfield code="c">BK</subfield>
    <subfield code="e">Seventh edition</subfield>
    <subfield code="h">32.3</subfield>
    <subfield code="i">FUL</subfield>
    <subfield code="k">RD</subfield>
  </datafield>
</record>
